Naked statistics stripping the dread from the data
Saved in:
| Main Author: | |
|---|---|
| Format: | Book |
| Language: | English |
| Published: |
New York
W. W. Norton and Company
2013
|
| Subjects: | |
| Tags: |
No Tags, Be the first to tag this record!
|
MARC
| LEADER | 00000nam a2200000 4500 | ||
|---|---|---|---|
| 001 | 0233375 | ||
| 005 | 20230109114709.7 | ||
| 020 | |a 978-0-393-07195-5 | ||
| 041 | 0 | |a eng | |
| 044 | |a US | ||
| 245 | 1 | 0 | |a Naked statistics |b stripping the dread from the data |c Charles Wheelan |
| 264 | 1 | |a New York |b W. W. Norton and Company |c 2013 | |
| 300 | |a 282 s. | ||
| 610 | 2 | 0 | |a štatistika |
| 610 | 2 | 0 | |a štatistika aplikovaná |
| 610 | 2 | 0 | |a korelácia |
| 610 | 2 | 0 | |a pravdepodobnosť |
| 610 | 2 | 0 | |a dáta |
| 610 | 2 | 0 | |a regresia |
| 610 | 2 | 0 | |a analýzy |
| 100 | 1 | |a Wheelan, Charles | |